|
|
|
|
| LEADER |
03528nam a22005415i 4500 |
| 001 |
978-0-387-22081-9 |
| 003 |
DE-He213 |
| 005 |
20151204160917.0 |
| 007 |
cr nn 008mamaa |
| 008 |
100301s2003 xxu| s |||| 0|eng d |
| 020 |
|
|
|a 9780387220819
|9 978-0-387-22081-9
|
| 024 |
7 |
|
|a 10.1007/b97559
|2 doi
|
| 040 |
|
|
|d GrThAP
|
| 050 |
|
4 |
|a QA76.758
|
| 072 |
|
7 |
|a UMZ
|2 bicssc
|
| 072 |
|
7 |
|a UL
|2 bicssc
|
| 072 |
|
7 |
|a COM051230
|2 bisacsh
|
| 082 |
0 |
4 |
|a 005.1
|2 23
|
| 100 |
1 |
|
|a Skiena, Steven S.
|e author.
|
| 245 |
1 |
0 |
|a Programming Challenges
|h [electronic resource] :
|b The Programming Contest Training Manual /
|c by Steven S. Skiena, Miguel A. Revilla.
|
| 264 |
|
1 |
|a New York, NY :
|b Springer New York,
|c 2003.
|
| 300 |
|
|
|a CCCLXXXIV, 364 p.
|b online resource.
|
| 336 |
|
|
|a text
|b txt
|2 rdacontent
|
| 337 |
|
|
|a computer
|b c
|2 rdamedia
|
| 338 |
|
|
|a online resource
|b cr
|2 rdacarrier
|
| 347 |
|
|
|a text file
|b PDF
|2 rda
|
| 490 |
1 |
|
|a Texts in Computer Science
|
| 505 |
0 |
|
|a Getting Started -- Data Structures -- Strings -- Sorting -- Arithmetic and Algebra -- Combinatorics -- Number Theory -- Backtracking -- Graph Traversal -- Graph Algorithms -- Dynamic Programming -- Grids -- Geometry -- Computational Geometry.
|
| 520 |
|
|
|a There are many distinct pleasures associated with computer programming. Craftsm- ship has its quiet rewards, the satisfaction that comes from building a useful object and making it work. Excitement arrives with the ?ash of insight that cracks a previously intractable problem. The spiritual quest for elegance can turn the hacker into an artist. Therearepleasuresinparsimony,insqueezingthelastdropofperformanceoutofclever algorithms and tight coding. Thegames,puzzles,andchallengesofproblemsfrominternationalprogrammingc- petitionsareagreatwaytoexperiencethesepleasureswhileimprovingyouralgorithmic and coding skills. This book contains over 100 problems that have appeared in previous programming contests, along with discussions of the theory and ideas necessary to - tack them. Instant online grading for all of these problems is available from two WWW robot judging sites. Combining this book with a judge gives an exciting new way to challenge and improve your programming skills. This book can be used for self-study, for teaching innovative courses in algorithms and programming, and in training for international competition. To the Reader Theproblemsinthisbookhavebeenselectedfromover1,000programmingproblemsat the Universidad de Valladolid online judge, available athttp://online-judge.uva.es.The judgehasruledonwelloveronemillionsubmissionsfrom27,000registeredusersaround the world to date. We have taken only the best of the best, the most fun, exciting, and interesting problems available.
|
| 650 |
|
0 |
|a Computer science.
|
| 650 |
|
0 |
|a Software engineering.
|
| 650 |
|
0 |
|a Computer programming.
|
| 650 |
|
0 |
|a Algorithms.
|
| 650 |
|
0 |
|a Computer logic.
|
| 650 |
1 |
4 |
|a Computer Science.
|
| 650 |
2 |
4 |
|a Software Engineering/Programming and Operating Systems.
|
| 650 |
2 |
4 |
|a Programming Techniques.
|
| 650 |
2 |
4 |
|a Algorithm Analysis and Problem Complexity.
|
| 650 |
2 |
4 |
|a Logics and Meanings of Programs.
|
| 700 |
1 |
|
|a Revilla, Miguel A.
|e author.
|
| 710 |
2 |
|
|a SpringerLink (Online service)
|
| 773 |
0 |
|
|t Springer eBooks
|
| 776 |
0 |
8 |
|i Printed edition:
|z 9780387001630
|
| 830 |
|
0 |
|a Texts in Computer Science
|
| 856 |
4 |
0 |
|u http://dx.doi.org/10.1007/b97559
|z Full Text via HEAL-Link
|
| 912 |
|
|
|a ZDB-2-SCS
|
| 912 |
|
|
|a ZDB-2-BAE
|
| 950 |
|
|
|a Computer Science (Springer-11645)
|